00792 2200289 4500001002100000005001700021008004100038035002400079082001200103090001900115100003600134245008200170250001100252260003100263300001900294500005100313650001700364700001400381850001800395980001100413985000600424986001200430999001500442999001500457999001500472999001500487YOGYA-0209000001231820090227022220.0 ind  0010-020900000012318 a297.215 a297.215bMuh H aMUHAMMAD BIN ABDULLAH AL-WAHIBI aHakekat sahabat nabicMuhammad bin Abdullah Al-Wahibi ; penerjemah, Abu Dzaki aCet. 4 aSolobPustaka Mantiqc1994 a107 hlmc15 cm aJudul asli : Itiqadu ahlussunnah fish shahabah aSahabat Nabi aAbu Dzaki aYOPDYOGbadran a070505 a4 aMrRTREV a98P0117430 a98P0117431 a98P0117432 a97P0090590